[Event "Chigorin Memorial 30th"]
[Site "St Petersburg"]
[Date "2023.10.22"]
[Round "2"]
[White "Sudarkina, Ekaterina"]
[Black "Buyanov, Gleb"]
[Result "0-1"]
[WhiteElo "1494"]
[BlackElo "1782"]
[PlyCount "92"]
[EventDate "2023.10.21"]
[EventType "swiss"]
[EventRounds "9"]
[EventCountry "RUS"]
[SourceTitle "Mega2024 Update 01"]
[Source "Chessbase"]
[SourceDate "2023.11.12"]
[SourceVersion "1"]
[SourceVersionDate "2023.11.12"]
[SourceQuality "1"]

1. d4 Nf6 2. c4 e6 3. Nf3 d5 4. g3 dxc4 5. Bg2 Nc6 6. 0-0 Rb8 7. Nc3 b5 8. Ne5 Nxe5 9. dxe5 Nd7 10. Bc6 a6 11. Qd4 Bb7 12. Bxb7 Rxb7 13. Rd1 c5 14. Qg4 Qc8 15. Bf4 f5 16. exf6 Nxf6 17. Qg5 Be7 18. Qxg7 Rg8 19. Qh6 Rg6 20. Qh3 Qc6 21. e3 b4 22. Ne2 Ng4 23. Qxh7 e5 24. Bxe5 Bf8 25. Qh5 Rf7 26. Nf4 Qf3 27. Rd2 Rh6 28. Rad1 Bd6 29. Qg5 c3 30. Bxd6 Rxd6 31. bxc3 bxc3 32. Qg8+ Rf8 33. Qxg4 Qxg4 34. Rxd6 Rf6 35. Rd8+ Ke7 36. R8d3 c2 37. Rc1 Rd6 38. Nd5+ Ke6 39. Nf4+ Kd7 40. Rxd6+ Kxd6 41. Kg2 Qd1 42. Rxc2 Qxc2 43. h4 c4 44. h5 c3 45. h6 Qh7 46. Ne2 c2 0-1

[Event "Chigorin Memorial 30th"]
[Site "St Petersburg"]
[Date "2023.10.21"]
[Round "1"]
[White "Buyanov, Gleb"]
[Black "Fedorov, Alexei"]
[Result "0-1"]
[WhiteElo "1782"]
[BlackElo "2434"]
[PlyCount "74"]
[EventDate "2023.10.21"]
[EventType "swiss"]
[EventRounds "9"]
[EventCountry "RUS"]
[SourceTitle "Mega2024 Update 01"]
[Source "Chessbase"]
[SourceDate "2023.11.12"]
[SourceVersion "1"]
[SourceVersionDate "2023.11.12"]
[SourceQuality "1"]

1. e4 c5 2. Nf3 e6 3. d4 cxd4 4. Nxd4 a6 5. Nc3 b5 6. a3 Bb7 7. g3 d6 8. Bg2 Nf6 9. 0-0 Qc7 10. Qe2 Be7 11. Kh1 h5 12. Bg5 Nbd7 13. f4 Rc8 14. Rae1 Qc4 15. Qd2 b4 16. Nd5 Nxe4 17. Bxe4 Bxd5 18. Bxe7 Bxe4+ 19. Kg1 Qd5 20. Bxd6 Rxc2 21. Rc1 Qxd6 22. Rxc2 Bxc2 23. Rc1 0-0 24. Rxc2 bxa3 25. bxa3 Nf6 26. Qb4 Qd7 27. Qc4 Ng4 28. Rd2 Rc8 29. Qxa6 e5 30. Nf3 Qf5 31. Nxe5 Nxe5 32. fxe5 Rc1+ 33. Kg2 h4 34. Qa8+ Kh7 35. gxh4 Qf1+ 36. Kg3 Rc3+ 37. Kg4 Rc4+ 0-1